000
00279nam a22001217a 4500
008
260225b ||||| |||| 00| 0 eng d
041
_a
eng
080
_a
2.1
100
_a
13
101
_a
far
245
_a
Toxicological Profile for Synthetic Vitreous Fibers
942
_2
udc
_c
BK
999
_c
60858
_d
60858